000 00814nam a2200229 a 4500
999 _c11015
_d11015
001 11015
003 BD-JhCC
005 20220811134024.0
008 190725b 2017bg |||| ||a| 000 0 ben d
020 _a9789843358394
035 _a(BD-JhCC)11015
040 _aBD-JhCC
_dBD-JhCC
041 _aben
082 _a808.51
_bSUJ 2017
100 _aসুজন, দ্বীন মোহাম্মদ
245 _aবক্ত্তা ও বিতর্ক শিখবেন কীভাবে /
_c দ্বীন মোহাম্মদ সুজন ।
260 _aঢাকাঃ
_bমেসার্স আলিফ বুক হাউস;
_c২০১৭।
300 _a১৫৯ পৃঃ . :
_c18 সেমি.
650 _aPublic Speaking
942 _2ddc
_cBK
_011